000
00391nam a2200133Ia 4500
008
151001s9999||||xx |||||||||||||| ||und||
100
_a
वालचंद्र नालचंद्र शहा
245
_a
सम्राट अशोक
250
_a
5
260
_b
सुरस प्रकाशन पंजाब
260
_c
1982
300
_a
352
365
_b
18
999
_c
963208
_d
963205